Проблема управления неструктурированной информацией; Молодежь и современные информационные технологии; Т. 2
| Parent link: | Молодежь и современные информационные технологии: сборник трудов XII Всероссийской научно-практической конференции студентов, аспирантов и молодых ученых, г. Томск, 12-14 ноября 2014 г./ Национальный исследовательский Томский политехнический университет (ТПУ), Институт кибернетики (ИК) ; ред. кол. Е. А. Сикора [и др.].— , 2014 Т. 2.— 2014.— [С. 140-141] |
|---|---|
| Autore principale: | |
| Ente Autore: | |
| Altri autori: | |
| Riassunto: | Заглавие с титульного экрана |
| Lingua: | russo |
| Pubblicazione: |
2014
|
| Serie: | Информационные технологии в производстве и управлении |
| Soggetti: | |
| Accesso online: | http://earchive.tpu.ru/handle/11683/20267 http://www.lib.tpu.ru/fulltext/c/2014/C04/V2/063.pdf |
| Natura: | MixedMaterials Elettronico Capitolo di libro |
| KOHA link: | https://koha.lib.tpu.ru/cgi-bin/koha/opac-detail.pl?biblionumber=610845 |
MARC
| LEADER | 00000naa2a2200000 4500 | ||
|---|---|---|---|
| 001 | 610845 | ||
| 005 | 20231101132628.0 | ||
| 035 | |a (RuTPU)RU\TPU\conf\8478 | ||
| 035 | |a RU\TPU\conf\8477 | ||
| 090 | |a 610845 | ||
| 100 | |a 20150205d2014 k y0rusy50 ca | ||
| 101 | 0 | |a rus | |
| 102 | |a RU | ||
| 105 | |a y z 101zy | ||
| 135 | |a drcn ---uucaa | ||
| 181 | 0 | |a i | |
| 182 | 0 | |a b | |
| 200 | 1 | |a Проблема управления неструктурированной информацией |f А. С. Сеидова, В. С. Сухоплюева | |
| 203 | |a Текст |c электронный | ||
| 225 | 1 | |a Информационные технологии в производстве и управлении | |
| 230 | |a 1 компьютерный файл (pdf; 341 Kb) | ||
| 300 | |a Заглавие с титульного экрана | ||
| 320 | |a [Библиогр.: с. 141 (3 назв.)] | ||
| 337 | |a Adobe Reader | ||
| 461 | 1 | |0 (RuTPU)RU\TPU\conf\7802 |t Молодежь и современные информационные технологии |o сборник трудов XII Всероссийской научно-практической конференции студентов, аспирантов и молодых ученых, г. Томск, 12-14 ноября 2014 г. |o в 2 т. |f Национальный исследовательский Томский политехнический университет (ТПУ), Институт кибернетики (ИК) ; ред. кол. Е. А. Сикора [и др.] |d 2014 | |
| 463 | 0 | |0 (RuTPU)RU\TPU\conf\7813 |t Т. 2 |v [С. 140-141] |d 2014 | |
| 610 | 1 | |a труды учёных ТПУ | |
| 610 | 1 | |a электронный ресурс | |
| 610 | 1 | |a проблемы | |
| 610 | 1 | |a управление | |
| 610 | 1 | |a неструктурированная информация | |
| 610 | 1 | |a информация | |
| 610 | 1 | |a хранение | |
| 610 | 1 | |a платформы | |
| 700 | 1 | |a Сеидова |b А. С. | |
| 701 | 1 | |a Сухоплюева |b В. С. |c специалист в области информатики и вычислительной техники |c лаборант Томского политехнического университета |f 1993- |g Виктория Сергеевна |2 stltpush |3 (RuTPU)RU\TPU\pers\33466 | |
| 712 | 0 | 2 | |a Национальный исследовательский Томский политехнический университет (ТПУ) |b Центр "Электронный университет" (ЦЭУ) |h 6686 |2 stltpush |3 (RuTPU)RU\TPU\col\19166 |
| 801 | 2 | |a RU |b 63413507 |c 20210323 |g RCR | |
| 856 | 4 | |u http://earchive.tpu.ru/handle/11683/20267 | |
| 856 | 4 | |u http://www.lib.tpu.ru/fulltext/c/2014/C04/V2/063.pdf | |
| 942 | |c BK | ||